[Event "24th ch-EUR Indiv 2024"]
[Site "Petrovac MNE"]
[Date "2024.11.08"]
[Round "1.86"]
[White "Stefansson, Vignir Vatnar"]
[Black "Starcevic, Ante Leon"]
[Result "1-0"]
[WhiteTitle "GM"]
[WhiteElo "2530"]
[BlackElo "2200"]
[WhiteFideId "2308649"]
[BlackFideId "14543613"]
[EventDate "2024.11.08"]

1. Nf3 Nf6 2. c4 g6 3. Nc3 c5 4. d4 cxd4 5. Nxd4 Nc6 6. e4 Nxd4 7. Qxd4 d6 8.
Be2 Bg7 9. Be3 O-O 10. Qd3 a5 11. O-O a4 12. Bd4 Qa5 13. Rad1 Bd7 14. Qe3 Bc6
15. Nd5 Bxd5 16. exd5 Rfe8 17. h4 b5 18. Bb6 Qb4 19. cxb5 Qxb2 20. Bc7 Qxa2 21.
b6 Nxd5 22. Rxd5 Qxd5 23. Bf3 Qa5 24. b7 Qxc7 25. bxa8=Q Rxa8 26. Bxa8 Bb2 27.
Bd5 e6 28. Ba2 d5 29. h5 Kg7 30. h6+ Kf6 31. Re1 a3 32. g3 Qc3 33. Qf4+ Ke7 34.
Re3 Qc1+ 35. Kh2 Qc6 36. Qb4+ Qd6 37. Qb7+ Qd7 38. Qa8 Qd8 39. Qb7+ Qd7 40. Qa8
Qd8 41. Qa4 Qd7 42. Qh4+ f6 43. Qb4+ Kf7 44. Qb8 g5 45. Qh8 Kg6 46. Qg8+ Kxh6
47. Rxe6 Be5 48. Qf8+ Kh5 49. Qe7 Qa4 50. Qxh7+ Kg4 51. Bxd5 1-0

[Event "24th ch-EUR Indiv 2024"]
[Site "Petrovac MNE"]
[Date "2024.11.08"]
[Round "1.87"]
[White "Scekic, Veljko"]
[Black "Gorshtein, Ido"]
[Result "0-1"]
[BlackTitle "GM"]
[WhiteElo "2199"]
[BlackElo "2528"]
[WhiteFideId "940020"]
[BlackFideId "2815532"]
[EventDate "2024.11.08"]

1. e4 c5 2. Nf3 d6 3. Bb5+ Nd7 4. O-O a6 5. Be2 Ngf6 6. Nc3 b5 7. d3 g6 8. Qe1
Bg7 9. h3 O-O 10. Nd1 d5 11. e5 Ne8 12. Bf4 Nc7 13. c3 Ne6 14. Bg3 d4 15. cxd4
cxd4 16. Qb4 Bb7 17. Rc1 Bh6 18. Rc2 Nb6 19. Ne1 Nd5 20. Qb3 Qb6 21. a3 Nc5 22.
Qa2 b4 23. Qc4 b3 24. Qxc5 bxc2 25. Qxb6 cxd1=Q 26. Qxb7 Qxe2 27. Qxd5 Rac8 28.
Qxd4 Rc1 29. f4 Rfc8 30. Qe4 Qxe4 31. dxe4 Rd1 32. Rf3 Rc2 33. b4 Re2 34. Rf1
Rxe4 0-1

[Event "24th ch-EUR Indiv 2024"]
[Site "Petrovac MNE"]
[Date "2024.11.08"]
[Round "1.88"]
[White "Kacharava, Nikolozi"]
[Black "Djurovic, Peko"]
[Result "1-0"]
[WhiteTitle "GM"]
[BlackTitle "FM"]
[WhiteElo "2525"]
[BlackElo "2198"]
[WhiteFideId "13611860"]
[BlackFideId "16503902"]
[EventDate "2024.11.08"]

1. e4 c5 2. Nf3 Nc6 3. Bb5 g6 4. Bxc6 dxc6 5. d3 Bg7 6. h3 Nf6 7. Nc3 Nd7 8. Be3
e5 9. Qd2 h6 10. O-O Qe7 11. Nh2 Nf8 12. f4 exf4 13. Bxf4 Ne6 14. Be3 Nd4 15.
Nd1 b6 16. Nf2 Ne6 17. Rae1 Bb7 18. Nf3 Nd4 19. Ng4 Bc8 20. Nxd4 Bxg4 21. Nxc6
Qd7 22. hxg4 Qxc6 23. c3 Rd8 24. d4 cxd4 25. cxd4 Qd7 26. e5 Qxg4 27. e6 fxe6
28. Rf4 Qh5 29. Bf2 Rd6 30. Qc2 Rf8 31. Qc8+ Ke7 32. Rxf8 Bxf8 33. Bg3 Rd7 34.
Be5 Qf5 35. Rf1 Rd8 36. Qc7+ Rd7 37. Qb8 Rd8 38. Qxa7+ Rd7 39. Qb8 Rd8 40. Qc7+ 1-0

[Event "24th ch-EUR Indiv 2024"]
[Site "Petrovac MNE"]
[Date "2024.11.08"]
[Round "1.89"]
[White "Stanojevic, Ilija"]
[Black "Sebenik, Matej"]
[Result "1/2-1/2"]
[WhiteTitle "FM"]
[BlackTitle "GM"]
[WhiteElo "2197"]
[BlackElo "2524"]
[WhiteFideId "959995"]
[BlackFideId "14602296"]
[EventDate "2024.11.08"]

1. d4 Nf6 2. c4 e6 3. Nf3 d5 4. Nc3 Be7 5. Bg5 h6 6. Bh4 O-O 7. e3 Nbd7 8. Rc1
c6 9. Qc2 a6 10. cxd5 exd5 11. Bd3 Nh5 12. Bxe7 Qxe7 13. O-O Ndf6 14. h3 Ne8 15.
g4 Nhf6 16. Ne5 h5 17. f4 Nd6 18. g5 Nfe4 19. Nxe4 Nxe4 20. Bxe4 dxe4 21. Qxe4
Bxh3 22. Rf2 f6 23. gxf6 gxf6 24. Qg6+ Qg7 25. Qxg7+ Kxg7 26. Kh2 fxe5 27. Kxh3
exd4 28. Rg1+ Kf6 29. exd4 Rg8 30. Re1 Rad8 31. Re5 Rxd4 32. Rxh5 Rd3+ 33. Kh2
Rd5 34. f5 Rg5 35. Rh7 Rgxf5 36. Rxf5+ Kxf5 37. Rxb7 Rb5 38. Rf7+ Ke4 39. b3 Ra5
40. Rf2 Kd3 41. Kg3 Rc5 42. Rf4 Ra5 43. Rc4 Rxa2 44. Rxc6 a5 45. Rc5 a4 46. bxa4
Rxa4 1/2-1/2

[Event "24th ch-EUR Indiv 2024"]
[Site "Petrovac MNE"]
[Date "2024.11.08"]
[Round "1.90"]
[White "Samunenkov, Ihor"]
[Black "Prisacaru, Stefan-Emilian"]
[Result "1-0"]
[WhiteTitle "GM"]
[BlackTitle "CM"]
[WhiteElo "2523"]
[BlackElo "2197"]
[WhiteFideId "14187086"]
[BlackFideId "1257285"]
[EventDate "2024.11.08"]

1. e4 c6 2. d4 d5 3. e5 Bf5 4. h4 Qa5+ 5. Nd2 h6 6. c3 e6 7. Nb3 Qc7 8. Be3 Nd7
9. Be2 Ne7 10. h5 a6 11. Nf3 Bg4 12. Nh4 Bxe2 13. Qxe2 c5 14. f4 cxd4 15. cxd4
Qc4 16. Rc1 Qxe2+ 17. Kxe2 Nc6 18. f5 Be7 19. fxe6 fxe6 20. Ng6 Rg8 21. Rhf1 Nf8
22. Nxe7 Kxe7 23. Nc5 Rb8 24. b3 Nd7 25. Nxb7 Nxd4+ 26. Bxd4 Rxb7 27. Rc6 Ra8
28. Bb2 Rb6 29. Ba3+ Kd8 30. Rxb6 Nxb6 31. Rf8+ Kc7 32. Rxa8 Nxa8 33. Bf8 Nb6
34. Bxg7 Nd7 35. Bxh6 Kd8 36. Bf4 Ke7 37. g4 Kf7 38. Kd3 Kg7 39. Kd4 Kf7 40. a4
Kg7 41. g5 Kf7 42. g6+ Kg7 43. Bg5 1-0

[Event "24th ch-EUR Indiv 2024"]
[Site "Petrovac MNE"]
[Date "2024.11.08"]
[Round "1.91"]
[White "Yilmaz, Baver"]
[Black "Alexakis, Dimitris"]
[Result "0-1"]
[WhiteTitle "FM"]
[BlackTitle "IM"]
[WhiteElo "2196"]
[BlackElo "2520"]
[WhiteFideId "26363542"]
[BlackFideId "4277023"]
[EventDate "2024.11.08"]

1. e4 c5 2. Nf3 Nc6 3. d4 cxd4 4. Nxd4 Nf6 5. Nc3 d6 6. Bg5 Bd7 7. Qd2 Rc8 8.
O-O-O Nxd4 9. Qxd4 Qa5 10. Bxf6 gxf6 11. Kb1 Qc5 12. f4 Bg7 13. Qxc5 Rc7 14. Qc6
Rxc6 15. Rd4 Rc5 16. Rd5 a6 17. Rxc5 dxc5 18. Be2 e6 19. Nd1 Bf8 20. Ne3 Bd6 21.
g3 Bc6 22. Rd1 Bc7 23. Ng4 Ke7 24. Nf2 h5 25. Bd3 h4 26. Re1 hxg3 27. hxg3 Rh2
28. Nd1 Rg2 29. Re3 Rg1 30. Kc1 Bb6 31. c4 Ba5 32. Kc2 Be1 33. Nc3 Bf2 34. Re2
Bd4 35. f5 Rxg3 36. fxe6 fxe6 37. Nd5+ Kd6 38. Nf4 Be5 39. Rf2 Bxf4 40. Rxf4 Ke5
41. Rf2 Rg4 42. Rh2 Bxe4 43. Bxe4 Rxe4 44. b3 f5 45. Rh7 b5 46. cxb5 axb5 47.
Rb7 b4 48. Kd3 f4 49. Rc7 Re3+ 50. Kd2 Kd4 51. Rd7+ Ke4 52. Rc7 Rd3+ 53. Ke1 Rc3
54. Kd2 e5 55. a4 f3 56. a5 f2 57. Ke2 Rc2+ 0-1

[Event "24th ch-EUR Indiv 2024"]
[Site "Petrovac MNE"]
[Date "2024.11.08"]
[Round "1.92"]
[White "Brunello, Sabino"]
[Black "Saraci, Korab"]
[Result "1-0"]
[WhiteTitle "GM"]
[BlackTitle "CM"]
[WhiteElo "2518"]
[BlackElo "2193"]
[WhiteFideId "813613"]
[BlackFideId "4701968"]
[EventDate "2024.11.08"]

1. e4 e5 2. Nf3 Nc6 3. Bb5 Bc5 4. c3 Nge7 5. O-O Bb6 6. Na3 O-O 7. Re1 Ng6 8.
Nc4 d5 9. exd5 Qxd5 10. Bxc6 Qxc4 11. Be4 Bg4 12. h3 Bxf3 13. Qxf3 c6 14. d3 Qe6
15. Bf5 Nh4 16. Bxh7+ Kxh7 17. Qh5+ Kg8 18. Qxh4 Rad8 19. d4 Rd5 20. Be3 Re8 21.
c4 Rxd4 22. Bxd4 Bxd4 23. Rad1 c5 24. b3 f5 25. Kh1 Qg6 26. f3 e4 27. fxe4 fxe4
28. Re2 Qf5 29. Qg4 Qxg4 30. hxg4 Kf7 31. Rf1+ Kg6 32. g3 Kg5 33. Kg2 e3 34. Rf7
Kxg4 35. Rxb7 Rf8 36. Re7 Kf5 37. Kf3 Kg5+ 38. Kg2 Kf5 39. Re1 Rb8 40. Rf1+ Kg6
41. Kf3 a5 42. Kg4 a4 43. Re6+ Kh7 44. bxa4 Ra8 45. Rh1+ Kg8 46. Kf5 Kf7 47. g4
g6+ 48. Rxg6 Re8 49. Rh7+ Kf8 50. Re6 e2 51. Rh1 Bc3 52. Rxe8+ Kxe8 53. Ke6
e1=Q+ 54. Rxe1 Bxe1 55. Kd6 Kd8 56. g5 Bf2 57. g6 Bd4 58. a3 Kc8 59. Kc6 Kb8 60.
Kb6 Ka8 61. a5 Bb2 62. Kxc5 Bxa3+ 63. Kb5 Bb2 64. c5 Kb7 65. a6+ Kc7 66. c6 1-0

[Event "24th ch-EUR Indiv 2024"]
[Site "Petrovac MNE"]
[Date "2024.11.08"]
[Round "1.93"]
[White "Caruso, Augusto"]
[Black "Lashkin, Jegor"]
[Result "0-1"]
[BlackTitle "IM"]
[WhiteElo "2193"]
[BlackElo "2518"]
[WhiteFideId "801763"]
[BlackFideId "13907808"]
[EventDate "2024.11.08"]

1. e4 c5 2. Nf3 d6 3. d4 cxd4 4. Nxd4 Nf6 5. Nc3 a6 6. Bg5 e6 7. f4 h6 8. Bh4
Qb6 9. Qd2 Qb4 10. b3 Qxb3 11. Rb1 Qa3 12. e5 dxe5 13. fxe5 Nd5 14. Nxd5 exd5
15. Be2 Be7 16. Bxe7 Qxe7 17. O-O O-O 18. Nf5 Bxf5 19. Rxf5 Nc6 20. Qxd5 Rad8
21. Qe4 Qc5+ 22. Kh1 Rd4 23. Qf3 g6 24. Rf6 Qxc2 25. Rxb7 Nxe5 26. Qf1 Rd2 27.
Rf2 Qxa2 28. Kg1 Re8 0-1

[Event "24th ch-EUR Indiv 2024"]
[Site "Petrovac MNE"]
[Date "2024.11.08"]
[Round "1.94"]
[White "Peng, Li Min"]
[Black "Rudzinska, Michalina"]
[Result "1-0"]
[WhiteTitle "GM"]
[BlackTitle "WGM"]
[WhiteElo "2516"]
[BlackElo "2192"]
[WhiteFideId "14112620"]
[BlackFideId "1172883"]
[EventDate "2024.11.08"]

1. e4 c6 2. d4 d5 3. Nc3 dxe4 4. Nxe4 Nf6 5. Nxf6+ exf6 6. c3 Bd6 7. Bd3 O-O 8.
Qc2 Re8+ 9. Ne2 h5 10. O-O h4 11. h3 Nd7 12. Bd2 Nf8 13. Rae1 Bc7 14. f4 g6 15.
f5 g5 16. c4 c5 17. dxc5 Nd7 18. Nc3 Be5 19. b4 a5 20. a3 axb4 21. axb4 Bd4+ 22.
Kh1 Ne5 23. Nb5 Rf8 24. Be4 Nc6 25. Rd1 Be5 26. Bxg5 Qe7 27. Bh6 Re8 28. Qe2 Kh7
29. Qh5 1-0

[Event "24th ch-EUR Indiv 2024"]
[Site "Petrovac MNE"]
[Date "2024.11.08"]
[Round "1.95"]
[White "Abdulkarimli, Eljan"]
[Black "Sokolovsky, Yahli"]
[Result "0-1"]
[BlackTitle "GM"]
[WhiteElo "2190"]
[BlackElo "2516"]
[WhiteFideId "13425439"]
[BlackFideId "2820242"]
[EventDate "2024.11.08"]

1. e4 e5 2. Nf3 Nc6 3. d4 exd4 4. Bc4 Nf6 5. e5 Ne4 6. O-O d5 7. Bb5 Bd7 8. Bxc6
bxc6 9. Nxd4 Be7 10. f3 Nc5 11. Nc3 Ne6 12. Nb3 O-O 13. f4 f5 14. Be3 Qb8 15.
Qd2 a5 16. Na4 Qb5 17. Nc3 Qc4 18. a4 Rfd8 19. Rad1 g6 20. Qe2 Qb4 21. Bd2 Qb7
22. Be3 Bc8 23. Qf2 Qb4 24. Rd2 Ba6 25. Rfd1 Bc4 26. g4 Rf8 27. Nd4 Nxd4 28.
Bxd4 fxg4 29. Qg3 Rf5 30. Qxg4 Raf8 31. b3 Ba6 32. Na2 Qa3 33. Nc1 Qb4 34. Na2
Qb8 35. Be3 R8f7 36. h3 Qf8 37. Rf2 Bc8 38. Qg3 Rh5 39. Rh2 Bf5 40. Nc1 Bh4 41.
Qf3 Be6 42. Nd3 Be7 43. Rdd2 Qc8 44. Rdg2 Rxh3 45. Rxh3 Bxh3 46. Rh2 Bf5 47. Nc5
Bg4 48. Qg3 Qf5 49. Nd3 Rg7 50. Nf2 Be2 51. Nh3 Bd1 52. Qg2 Bh5 53. Qd2 Bb4 54.
c3 Qb1+ 55. Kf2 Be7 56. Qd4 Bh4+ 57. Kg2 Be2 58. Rh1 Bf3+ 59. Kxf3 Qxh1+ 60. Kg4
Be1 61. Nf2 Qg2+ 62. Kh4 Bxf2+ 63. Bxf2 g5+ 64. fxg5 Qxg5+ 65. Kh3 Qg2+ 66. Kh4
Qh2# 0-1

[Event "24th ch-EUR Indiv 2024"]
[Site "Petrovac MNE"]
[Date "2024.11.08"]
[Round "1.96"]
[White "Kosakowski, Jakub"]
[Black "Gusev, Mikhail"]
[Result "1-0"]
[WhiteTitle "IM"]
[BlackTitle "CM"]
[WhiteElo "2516"]
[BlackElo "2186"]
[WhiteFideId "1185080"]
[BlackFideId "34270140"]
[EventDate "2024.11.08"]

1. e4 c5 2. Nf3 e6 3. d4 cxd4 4. Nxd4 Nf6 5. Nc3 Nc6 6. a3 e5 7. Nf3 d6 8. Bg5
Be7 9. Bxf6 gxf6 10. Nh4 Nd4 11. Bd3 Rg8 12. Nd5 f5 13. Nxf5 Bxf5 14. exf5 Qa5+
15. Nb4 d5 16. c3 Nc6 17. f6 Bxf6 18. Bxh7 Rxg2 19. Qf3 Rg7 20. Qxf6 1-0

[Event "24th ch-EUR Indiv 2024"]
[Site "Petrovac MNE"]
[Date "2024.11.08"]
[Round "1.101"]
[White "Parligras, Cosmin"]
[Black "Boyer, Mahel"]
[Result "1/2-1/2"]
[BlackTitle "IM"]
[WhiteElo "2182"]
[BlackElo "2506"]
[WhiteFideId "1206494"]
[BlackFideId "45102422"]
[EventDate "2024.11.08"]

1. c4 g6 2. g3 Bg7 3. Bg2 d6 4. Nf3 e5 5. d4 exd4 6. Nxd4 Nf6 7. Nc3 O-O 8. O-O
Re8 9. b3 Na6 10. Bb2 h5 11. Nf3 Nc5 12. Re1 a5 13. Rc1 c6 14. Ba3 Qc7 15. Bxc5
dxc5 16. Qd2 Bf5 17. Nh4 Be6 18. Na4 Rad8 19. Qf4 Qxf4 20. gxf4 Rd2 21. Nxc5 Bc8
22. e3 Rxa2 23. Nf3 Bf8 24. Nd3 Ra3 25. Rb1 a4 26. Nd4 Rd8 27. Bf1 Ne4 28. Ra1
Rxa1 29. Rxa1 Nd2 30. b4 Nb3 31. Nxb3 axb3 32. Rb1 Be6 33. Nc5 Bxc5 34. bxc5 Rd2
35. Rxb3 Rd1 36. Rd3 Ra1 37. Kg2 Kf8 38. Rd8+ Ke7 39. Rb8 Rb1 40. h4 Kd7 41. Bd3
Rb3 42. Be2 Rb2 43. Bd3 Rd2 44. Rxb7+ Kc8 45. Rb3 1/2-1/2

[Event "24th ch-EUR Indiv 2024"]
[Site "Petrovac MNE"]
[Date "2024.11.08"]
[Round "1.104"]
[White "Maksimovic, Bojan"]
[Black "Ramaj, Ergit"]
[Result "1-0"]
[WhiteTitle "IM"]
[WhiteElo "2504"]
[BlackElo "2180"]
[WhiteFideId "14408120"]
[BlackFideId "4703669"]
[EventDate "2024.11.08"]

1. Nf3 d5 2. d4 Nf6 3. c4 e6 4. e3 Be7 5. b3 O-O 6. Bb2 b6 7. Nc3 Bb7 8. cxd5
exd5 9. Bd3 Nbd7 10. O-O a6 11. Ne2 Re8 12. Ng3 g6 13. Ne5 Ne4 14. Qc2 Nxg3 15.
fxg3 Nxe5 16. dxe5 Bg5 17. Rae1 c5 18. e4 Qe7 19. exd5 Bxd5 20. e6 fxe6 21. Bxg6
Rf8 22. Be4 Rxf1+ 23. Rxf1 Be3+ 24. Kh1 Bd4 25. Bxd5 exd5 26. Bxd4 cxd4 27. Qd1
Qe5 28. Rf4 Re8 29. h3 Qe1+ 30. Qxe1 Rxe1+ 31. Kh2 Re2 32. Rxd4 Rxa2 33. Rxd5
Ra3 34. b4 Rb3 35. Rd8+ Kg7 36. Ra8 Rxb4 37. Rxa6 h5 38. Ra7+ Kg6 39. Rb7 Rb1
40. Rb8 Kg7 41. Rd8 1-0

[Event "24th ch-EUR Indiv 2024"]
[Site "Petrovac MNE"]
[Date "2024.11.08"]
[Round "1.106"]
[White "Kramer, Julian"]
[Black "Lundin, Jan"]
[Result "1/2-1/2"]
[WhiteTitle "IM"]
[BlackTitle "FM"]
[WhiteElo "2503"]
[BlackElo "2175"]
[WhiteFideId "12921742"]
[BlackFideId "1706896"]
[EventDate "2024.11.08"]

1. e4 e5 2. Nf3 Nc6 3. Bc4 Nf6 4. d3 h6 5. O-O d6 6. a4 g5 7. a5 a6 8. c3 Bg7 9.
Qb3 Qe7 10. Re1 Nd7 11. Qd1 Nf6 12. Nfd2 Be6 13. Nf1 d5 14. exd5 Nxd5 15. Qb3
O-O-O 16. Qc2 Nf4 17. Bxf4 gxf4 18. Bxe6+ Qxe6 19. d4 Qg6 20. Qxg6 fxg6 21. dxe5
Nxe5 22. Na3 Rd5 23. Re4 g5 24. b4 Rhd8 25. Rc1 Rd1 26. Re1 Rxe1 27. Rxe1 Nd3
28. Re4 Bxc3 29. Nc2 Ne5 30. g3 Rd1 31. gxf4 Nf3+ 32. Kg2 Nh4+ 33. Kg1 Nf3+ 34.
Kg2 Nh4+ 35. Kg1 1/2-1/2

[Event "24th ch-EUR Indiv 2024"]
[Site "Petrovac MNE"]
[Date "2024.11.08"]
[Round "1.107"]
[White "Allahverdiyeva, Ayan"]
[Black "Sivuk, Vitaly"]
[Result "0-1"]
[WhiteTitle "WIM"]
[BlackTitle "GM"]
[WhiteElo "2174"]
[BlackElo "2502"]
[WhiteFideId "13412590"]
[BlackFideId "14116502"]
[EventDate "2024.11.08"]

1. e4 e5 2. Nf3 Nc6 3. Bb5 Nf6 4. O-O Nxe4 5. d4 Nd6 6. Ba4 exd4 7. c3 Be7 8.
cxd4 O-O 9. Nc3 Nc4 10. Nd5 Nb6 11. Nxb6 axb6 12. d5 Nb4 13. Bb3 d6 14. Bd2 Na6
15. Bc2 Bf6 16. Rc1 Bg4 17. Bb1 g6 18. b4 Re8 19. Rc4 Bd7 20. Rf4 Nb8 21. Rxf6
Qxf6 22. Qc1 Bb5 23. Bc3 Re5 24. Bxe5 dxe5 25. Re1 Qd6 26. Nxe5 Nd7 27. Ng4 Qxb4
28. Re4 Qa3 29. Qxc7 f5 30. Nh6+ Kg7 31. Re3 Qc5 32. Qxc5 0-1

[Event "24th ch-EUR Indiv 2024"]
[Site "Petrovac MNE"]
[Date "2024.11.08"]
[Round "1.108"]
[White "Djukic, Nikola"]
[Black "Kanyamarala, Trisha"]
[Result "1/2-1/2"]
[WhiteTitle "GM"]
[BlackTitle "WIM"]
[WhiteElo "2499"]
[BlackElo "2171"]
[WhiteFideId "922412"]
[BlackFideId "45004722"]
[EventDate "2024.11.08"]

1. e4 c5 2. Nf3 d6 3. Bb5+ Nd7 4. c4 Nf6 5. Nc3 g6 6. d3 Bg7 7. h3 O-O 8. Be3 a6
9. Ba4 Rb8 10. O-O Ne8 11. d4 cxd4 12. Nxd4 Ne5 13. Qe2 Bd7 14. Bxd7 Qxd7 15.
Rad1 Nc6 16. Nf3 Ne5 17. Nh2 b5 18. cxb5 axb5 19. Bd4 b4 20. Nd5 e6 21. Ne3 Qb5
22. Rfe1 Nf6 23. Bxe5 dxe5 24. f3 Qb6 25. Qf2 b3 26. a3 Rfc8 27. Nhf1 Ne8 28.
Kh1 Nd6 29. Rd3 Nc4 30. Qe2 Na5 31. Red1 Bf8 32. Rd7 Rd8 33. Ng4 Bg7 34. Qd3
Rxd7 35. Qxd7 Nc4 36. Qe7 h5 37. Nf6+ Bxf6 38. Qxf6 Qf2 39. Kh2 Nxb2 40. Rd7 Rf8
41. Nd2 Nd1 42. Nxb3 Ne3 43. Qg5 Nf1+ 44. Kh1 Ng3+ 45. Kh2 Nf1+ 46. Kh1 Ng3+ 47.
Kh2 h4 48. Qxe5 Nf1+ 49. Kh1 Ng3+ 50. Kh2 Nf1+ 51. Kh1 Ng3+ 52. Kh2 Nf1+ 1/2-1/2

[Event "24th ch-EUR Indiv 2024"]
[Site "Petrovac MNE"]
[Date "2024.11.08"]
[Round "1.109"]
[White "Sitbon, Itay"]
[Black "Malek, Jan"]
[Result "1-0"]
[BlackTitle "IM"]
[WhiteElo "2170"]
[BlackElo "2499"]
[WhiteFideId "2820706"]
[BlackFideId "21864080"]
[EventDate "2024.11.08"]

1. d4 Nf6 2. c4 e6 3. Nf3 b6 4. g3 Bb7 5. Bg2 Bb4+ 6. Bd2 Be7 7. Nc3 O-O 8. Qc2
c5 9. d5 exd5 10. cxd5 Nxd5 11. Qe4 Nb4 12. Qxb7 N8c6 13. Ne5 Rc8 14. Nd5 Nxe5
15. Bxb4 cxb4 16. Qxc8 1-0

[Event "24th ch-EUR Indiv 2024"]
[Site "Petrovac MNE"]
[Date "2024.11.08"]
[Round "1.110"]
[White "Ioannidis, Evgenios"]
[Black "Pipiras, Filipa Fortuna"]
[Result "1-0"]
[WhiteTitle "GM"]
[BlackTitle "FM"]
[WhiteElo "2497"]
[BlackElo "2166"]
[WhiteFideId "4229274"]
[BlackFideId "1944894"]
[EventDate "2024.11.08"]

1. d4 Nf6 2. c4 e6 3. Nf3 d5 4. Nc3 Be7 5. cxd5 exd5 6. Bf4 c6 7. h3 Bf5 8. g4
Be4 9. a3 O-O 10. e3 Nbd7 11. g5 Nh5 12. Bh2 Bxg5 13. Nxg5 Qxg5 14. Rg1 Qf5 15.
Qg4 Qxg4 16. hxg4 Nhf6 17. g5 Ne8 18. Nxe4 dxe4 19. Rg4 f5 20. Bc4+ Kh8 21. Rh4
Nb6 22. Be6 Nd5 23. Be5 Nec7 24. Bxd5 Nxd5 25. Ke2 Kg8 26. Rah1 Kf7 27. Rxh7 Rg8
28. g6+ Kxg6 29. Rxg7+ Rxg7 30. Rg1+ Kh6 31. Rxg7 b5 32. Rd7 Kg5 33. f4+ exf3+
34. Kxf3 a5 35. Rd6 Rc8 36. Bf4+ Nxf4 37. exf4+ Kh5 38. Rf6 Rd8 39. Rxf5+ Kg6
40. Ke4 Rh8 41. Rc5 Rh2 42. Rxc6+ Kf7 43. b3 Rh3 44. Ra6 Rxb3 45. Rxa5 Ke6 46.
Ra6+ Ke7 47. f5 b4 48. axb4 Rxb4 49. Ke5 Rb1 50. Ra7+ Ke8 51. d5 Re1+ 52. Kf6
Rd1 53. Ra8+ Kd7 54. Kf7 Rxd5 55. f6 Rh5 56. Kg6 Rh1 57. f7 Rg1+ 58. Kh5 Rh1+
59. Kg4 Rg1+ 60. Kh3 Rh1+ 61. Kg2 1-0

[Event "24th ch-EUR Indiv 2024"]
[Site "Petrovac MNE"]
[Date "2024.11.08"]
[Round "1.111"]
[White "Kochavi, Dana"]
[Black "Gines Esteo, Pedro Antonio"]
[Result "1-0"]
[WhiteTitle "WFM"]
[BlackTitle "GM"]
[WhiteElo "2166"]
[BlackElo "2492"]
[WhiteFideId "2837137"]
[BlackFideId "32080190"]
[EventDate "2024.11.08"]

1. e4 c6 2. Nf3 d5 3. Nc3 Bg4 4. d4 Nf6 5. e5 Nfd7 6. Be2 e6 7. Ng5 Bf5 8. Bh5
g6 9. Bf3 Be7 10. h4 h6 11. Nxf7 Kxf7 12. g4 Bxc2 13. Qxc2 Bxh4 14. Be3 Bg5 15.
O-O-O Bxe3+ 16. fxe3 Qg5 17. Qe2 Nb6 18. Kb1 N8d7 19. e4 Kg7 20. exd5 exd5 21.
Qh2 Nf8 22. Ne2 Ne6 23. Ng3 Raf8 24. Be2 Rh7 25. Nf5+ Kh8 26. Nxh6 Qf4 27. Qh3
Qg5 28. Rdf1 Rxf1+ 29. Bxf1 Qf4 30. Bd3 Ng5 31. Qg2 Kg7 32. e6 Nxe6 33. Nf5+ Kg8
34. Rxh7 Kxh7 35. Qe2 Qg5 1-0

[Event "24th ch-EUR Indiv 2024"]
[Site "Petrovac MNE"]
[Date "2024.11.08"]
[Round "1.112"]
[White "Tarhan, Adar"]
[Black "Tamas, Christian-Arrydan"]
[Result "1-0"]
[WhiteTitle "IM"]
[WhiteElo "2492"]
[BlackElo "2166"]
[WhiteFideId "34544712"]
[BlackFideId "1283740"]
[EventDate "2024.11.08"]

1. e4 c6 2. d4 d5 3. e5 c5 4. dxc5 e6 5. c3 Nd7 6. Nf3 Bxc5 7. Nbd2 Qb6 8. Qe2
Qa6 9. Qxa6 bxa6 10. b4 Bb6 11. c4 a5 12. cxd5 exd5 13. a3 Nxe5 14. Nxe5 Bd4 15.
Bb5+ Kf8 16. Nxf7 Kxf7 17. Rb1 Bf5 18. Rb3 Nf6 19. Nf3 Bb6 20. O-O Rhc8 21. bxa5
Bxa5 22. Ne5+ Kf8 23. a4 a6 24. Bc6 Ra7 25. g4 Be6 26. Ba3+ Kg8 27. g5 Ne4 28.
Bb7 Re8 29. Nc6 Nd2 30. Nxa7 Nxb3 31. Nc6 Bd2 32. Bxa6 Bxg5 33. Re1 Bd7 34.
Rxe8+ Bxe8 35. Bb7 Bf6 36. Bb4 Nd4 37. Nxd4 Bxd4 38. Bxd5+ Bf7 39. Bb7 Bc4 40.
a5 Kf7 41. Bd6 Ke6 42. Bb8 Bd5 43. a6 1-0

[Event "24th ch-EUR Indiv 2024"]
[Site "Petrovac MNE"]
[Date "2024.11.08"]
[Round "1.113"]
[White "Guleryuz, Kuzey"]
[Black "Gokerkan, Cem Kaan"]
[Result "0-1"]
[BlackTitle "GM"]
[WhiteElo "2158"]
[BlackElo "2490"]
[WhiteFideId "44500203"]
[BlackFideId "6336760"]
[EventDate "2024.11.08"]

1. e4 c5 2. c3 d5 3. exd5 Nf6 4. Qa4+ Nbd7 5. Qb3 g6 6. Nf3 Bg7 7. Be2 O-O 8.
O-O b6 9. d3 Bb7 10. c4 e6 11. dxe6 fxe6 12. Nc3 Ng4 13. Ng5 Nde5 14. h3 Nxf2
15. Be3 Bh6 16. Rxf2 Rxf2 17. Bxf2 Bxg5 18. Rd1 Nc6 19. Bg4 Nd4 20. Bxd4 Qxd4+
21. Kh1 Qe5 22. Ne4 Be3 23. Qc3 Bd4 24. Qd2 Bxe4 25. Re1 Rf8 26. dxe4 Qg3 0-1

[Event "24th ch-EUR Indiv 2024"]
[Site "Petrovac MNE"]
[Date "2024.11.08"]
[Round "1.114"]
[White "Samadov, Read"]
[Black "Asllani, Muhamet"]
[Result "1-0"]
[WhiteTitle "IM"]
[WhiteElo "2490"]
[BlackElo "2157"]
[WhiteFideId "13417444"]
[BlackFideId "22100300"]
[EventDate "2024.11.08"]

1. Nf3 d5 2. g3 Nf6 3. Bg2 c6 4. c4 dxc4 5. O-O b5 6. a4 Bb7 7. d3 cxd3 8. Ne5
a6 9. Nc3 e6 10. Nxd3 Nbd7 11. Bg5 Be7 12. axb5 axb5 13. Nxb5 cxb5 14. Bxb7 Rb8
15. Bg2 O-O 16. Ra7 h6 17. Bf4 Rc8 18. Rb7 g5 19. Be5 Ng4 20. Bc3 Rb8 21. Ra7 b4
22. Nxb4 Bxb4 23. Rxd7 Qc8 24. Rd3 Bxc3 25. Rxc3 Qd8 26. Qa4 h5 27. h3 Ne5 28.
Rc5 Qd6 29. b4 f6 30. Qb3 Rf7 31. Rfc1 Kg7 32. Qc3 h4 33. g4 Rd7 34. b5 Ng6 35.
e3 Ne5 36. Be4 Rb6 37. Qa5 Rb8 38. Kg2 Kh6 39. Rc8 Rxc8 40. Rxc8 f5 41. gxf5 g4
42. Qa6 gxh3+ 43. Kxh3 Nf7 44. Qxd6 Rxd6 45. Kxh4 exf5 46. Bxf5 Rd2 47. Rc2 Rd5
48. Rc6+ Nd6 49. b6 Kg7 50. Bc8 1-0